Music Quiz

Random Music or Album Quiz

Thin Lizzy Albums Quiz Stats

 Plays Quiz Updated Apr 2, 2020

     
Support Sporcle.
Go Orange.
Score 0/12 Timer 04:00
0 Plays Today
Year Album % Correct
1976Jailbreak
82.9%
1971Thin Lizzy
76.3%
1979Black Rose: A Rock Legend
63.9%
1976Johnny the Fox
62.1%
1980Chinatown
57.3%
1975Fighting
53.3%
1977Bad Reputation
53.2%
1983Thunder and Lightning
52.5%
1981Renegade
47%
1973Vagabonds of the Western World
45.6%
1974Nightlife
43.6%
1972Shades of a Blue Orphanage
41%

From the Vault

57 '#' Movies

by DarkPhalanx

Movies 14m
These movies are best viewed in a calculator.
Remove Ads.
Support Sporcle.
Get the best of Sporcle when you Go Orange. This ad-free experience offers more features, more stats, and more fun while also helping to support Sporcle. Thank you for becoming a member.

Show Comments

Extras

Top Quizzes Today


Score Distribution

Your Account Isn't Verified!

In order to create a playlist on Sporcle, you need to verify the email address you used during registration. Go to your Sporcle Settings to finish the process.

Report this User

Report this user for behavior that violates our Community Guidelines.

Details: